00468 2200193 4500001002100000005001500021035002000036245004400056100001900100250000600119856004500125260003600170082000800206084001400214600001000228990001200238990001200250990001200262INLIS00000000000178320250506085233 a0010-05250000751 aSi jamin dan Si johan /cMerari Siregar0 aMerari Siregar a1 aRuang Baca Umum No Klas 800 ( Rak 3,4,5) aJakarta :bBalai Pustaka,c2000 a813 a813 MER s 4aFiksi a00.0127 a00.0128 a00.0129